01421nam a2200361Ia 450000500170000000800410001702000190005810000350007724501170011225000240022930000590025349000250031250000320033750500850036952100520045458600400050665000500054665000510059665000360064765000360068370000340071970000280075374000390078174000490082094200150086926400260088433600270091033700330093733800280097004000350099808400110103399900150104420220317001017.0160825s2008 ck a g 000 0 spa  a978958041010121 aNöstlinger, Christinad1936-10aMás historias de FranzcChristine Nöstlinger ; traducido por Federico Schopt ; ilustrado por de Erhard Dietl a19a. reimpresión  a61 páginasbilustraciones en blanco y negro c19 cm  aTorre de papelproja aIncluye datos biográficos aDe cómo Franz aprendió a leer ; De cómo Franz se fue a vivir con su abuela aRecomendado para niños de 7 años enadelante aPremio Hans Christian Andersen 1984142LEMBaCuentos infantiles austriacosySiglo XX142LEMB aLiteratura infantil austriacaySiglo XX142LEMB aAmistad en la literatura142LEMB aNiños en la literatura1 aDietl, Erhard, d1953- 997171 aSchopt, Federico96435402aDe cómo Franz aprendió a leer 02aDe cómo Franz se fue a vivir con su abuela 2loccBKINF aBogotábNormac2008 atextobtxt2rdacontent asin mediaciónbn2rdamedia avolumenbnc2rdacarrier aCO-BoRNBPbspaerdacCO-BoRNBP aC NOS1 c5658d5658